000 00369cam a2200169 4500
001 H4
008 090401t1972 xxu||||| |||| 00| 0 eng d
035 _a(Sirsi) u26891
041 _aeng
050 _a690.23
100 _aSeeley, Ivor Hugh
245 _aBuilding economics
260 _aLondon
_bMacMillan
_c1972
350 _a0
942 _n0
948 _c04/03/1997
999 _c89003
_d89003